|
|
|
|
| LEADER |
01091nam a2200277 a 4500 |
| 001 |
3310 |
| 003 |
BD-DhAAL |
| 005 |
20150324114026.0 |
| 008 |
150324s1998 nyua 001 0 eng |
| 010 |
|
|
|a 97029791
|
| 020 |
|
|
|a 0393045994
|
| 040 |
|
|
|a DLC
|c DLC
|d DLC
|d BD-DhAAL
|
| 050 |
0 |
0 |
|a RC732
|b .S58 1998
|
| 082 |
0 |
0 |
|a 616.2
|2 21
|
| 100 |
1 |
|
|a Smolley, Laurence A.
|9 10103
|
| 245 |
1 |
0 |
|a Breathe right now :
|b a comprehensive guide to understanding and treating the most common breathing disorders /
|c by Laurence A. Smolley, and Debra Fulghum Bruce ; foreword by Rob Muzzio.
|
| 250 |
|
|
|a 1st ed.
|
| 260 |
|
|
|a New York :
|b W.W. Norton & Co.,
|c c1998.
|
| 300 |
|
|
|a xxxii, 288 p. :
|b ill. ;
|c 22 cm.
|
| 500 |
|
|
|a Includes index.
|
| 541 |
|
|
|e 3310
|
| 650 |
|
0 |
|a Respiratory organs
|x Diseases
|x Popular works.
|9 10104
|
| 700 |
1 |
|
|a Bruce, Debra Fulghum,
|d 1951-
|9 10105
|
| 942 |
|
|
|2 ddc
|c BK
|
| 999 |
|
|
|c 34154
|d 34154
|
| 952 |
|
|
|0 0
|1 0
|2 ddc
|4 0
|6 616_200000000000000_SMO
|7 0
|9 53291
|a SCL
|b SCL
|c GEN
|d 2015-03-24
|e Gift: The Asia Foundation
|l 3
|m 28
|o 616.2 SMO
|p 3020003310
|r 2025-04-07
|s 2024-12-18
|t 1
|w 2015-03-24
|y BK
|